Основы менеджмента: учебник

التفاصيل البيبلوغرافية
مؤلف مشترك: Российская международная академия туризма
مؤلفون آخرون: Квартальнов В. А. (редактор)
الملخص:Исключено из фонда НТБ ТПУ
اللغة:الروسية
منشور في: Москва, Финансы и статистика, 2002
سلاسل:Менеджмент туризма
التنسيق: MixedMaterials كتاب
KOHA link:https://koha.lib.tpu.ru/cgi-bin/koha/opac-detail.pl?biblionumber=50551

MARC

LEADER 00000nam0a2200000 4500
001 50551
005 20231031033222.0
010 |a 5279024473 
035 |a (RuTPU)RU\TPU\book\52931 
090 |a 50551 
100 |a 20030417d2002 m y0rusy50 ca 
101 0 |a rus 
102 |a RU 
105 |a y j 001zy 
200 1 |a Основы менеджмента  |e учебник  |f Российская международная академия туризма; Под ред. В. А. Квартальнова 
210 |a Москва  |c Финансы и статистика  |d 2002 
215 |a 352 с. 
225 1 |a Менеджмент туризма 
320 |a Библиогр.: с. 346-348 
333 |a Исключено из фонда НТБ ТПУ 
686 |a У9(2)43я73  |v LBC/SL-A  |2 rubbk 
702 1 |a Квартальнов  |b В. А.  |4 340 
712 0 2 |a Российская международная академия туризма  |2 stltpush  |3 (RuTPU)RU\TPU\col\168 
801 1 |a RU  |b 63413507  |c 20030417  |g PSBO 
801 2 |a RU  |b 63413507  |c 20220426  |g PSBO 
942 |c BK